Rock Songs in Spanish - Statistics

General Stats
  • This quiz has been taken 729 times
  • The average score is 13 of 20
Answer Stats
Hint Answer % Correct
Hombre del Piano Piano Man
89%
Mujer Americana American Woman
87%
Fotografía Photograph
87%
Dinero Por Nada Money For Nothing
85%
Tren Loco Crazy Train
80%
Es el Fin del Mundo Que Lo Sabemos (Y Siento Bien) It's the End of the World As We Know It (And I Feel Fine)
71%
Mensaje en una Botella Message in a Bottle
71%
Pájaro Libre Free Bird
67%
No Lluvia No Rain
64%
Camina Este Dirección Walk This Way
64%
Más de un Sentimiento More Than A Feeling
60%
Donde las Calles No Tienen Nombres Where the Streets Have No Name
57%
Perdedor Loser
54%
Autopista a Infierno Highway to Hell
52%
Pastel Americano American Pie
51%
Cuarto Blanco White Room
49%
Vez de Tu Vida Time of Your Life
48%
Nadie Como Tú No One Like You
46%
Rompiendo la Ley Breaking the Law
45%
Salta Jump
43%
No matching quizzes found
Score Distribution
Percent of People with Each Score
Percentile by Number Answered
Your Score History
You have not taken this quiz